Characters with the Most Super Smash Bros. Ultimate Spirits - Statistics

General Stats
  • This quiz has been taken 320 times
    6 since last reset
  • The average score is 12 of 27
Answer Stats
# of spirits Character % Correct
17 Mario
100%
6 Luigi
83%
9* Peach
83%
3 Wario
83%
4* Yoshi
83%
6* Bowser
67%
3* Donkey Kong
67%
10* Link
67%
3* Waluigi
67%
4 Ganondorf
50%
5 Kirby
50%
5* Mr. Game and Watch
50%
9 Samus
50%
6 Zelda
50%
3* Kyurem
33%
4 Pikachu
33%
3* Pit
33%
9 Wii Fit Trainer
33%
3* Blue Pikmin
17%
3* Joker
17%
4 Master Core
17%
4* Red Pikmin
17%
4 Ridley
17%
5 R.O.B.
17%
3 Sonic
17%
5 Sora
17%
3 King K. Rool
0%
No matching quizzes found
Score Distribution
Percent of People with Each Score
Percentile by Number Answered
Your Score History
You have not taken this quiz since the last reset